Politics in the United States : (Record no. 40800)
[ view plain ]
| 000 -LEADER | |
|---|---|
| fixed length control field | 00922nam a2200277 a 4500 |
| 001 - CONTROL NUMBER | |
| control field | 40800 |
| 003 - CONTROL NUMBER IDENTIFIER | |
| rucl marc code | UkOxU |
| 005 - DATE AND TIME OF LATEST TRANSACTION | |
| control field | 20211209053300.0 |
| 008 - FIXED-LENGTH DATA ELEMENTS--GENERAL INFORMATION | |
| fixed length control field | 16-05-s1955 nyua 001 0 eng d |
| 035 ## - SYSTEM CONTROL NUMBER | |
| System control number | 40915 |
| 040 ## - CATALOGING SOURCE | |
| Original cataloging agency | BD-RjUL |
| Language of cataloging | eng |
| Transcribing agency | BD-RjUL |
| 041 ## - LANGUAGE CODE | |
| Language code of text/sound track or separate title | eng |
| 082 ## - DEWEY DECIMAL CLASSIFICATION NUMBER | |
| Classification number | 320.973 |
| Edition number | 19 |
| Author mark and year | POL 1955 |
| Classification number | 320.9/73/0927 |
| Edition number | 18 |
| 110 2# - MAIN ENTRY--CORPORATE NAME | |
| Corporate name or jurisdiction name as entry element | Sandpiper Editorial Board. |
| 9 (RLIN) | 125548 |
| 245 00 - TITLE STATEMENT | |
| Title | Politics in the United States : |
| Remainder of title | Readings in Political Parties and Pressure Groups / |
| Statement of responsibility, etc. | Edited By Henry A. Turner |
| 260 ## - PUBLICATION, DISTRIBUTION, ETC. (IMPRINT) | |
| Place of publication, distribution, etc. | New York : |
| Name of publisher, distributor, etc. | McGraw-hill Book Company, |
| Date of publication, distribution, etc. | 1955 |
| 300 ## - PHYSICAL DESCRIPTION | |
| Pagination | xi, 436 p. ; |
| Size | 25 cm. |
| 500 ## - GENERAL NOTE | |
| General note | Includes Index |
| 651 #0 - SUBJECT ADDED ENTRY--GEOGRAPHIC NAME | |
| Geographic name | United States |
| General subdivision | Politics and government |
| Chronological subdivision | 1981-1989 |
| 9 (RLIN) | 125549 |
| Geographic name | United States |
| General subdivision | Politics and government |
| Chronological subdivision | 1977-1981 |
| 9 (RLIN) | 125550 |
| 700 ## - ADDED ENTRY--PERSONAL NAME | |
| Personal name | Turner, Henry A., Edited |
| 830 #0 - SERIES ADDED ENTRY--UNIFORM TITLE | |
| Uniform title | Sandpiper compact |
| 942 ## - ADDED ENTRY ELEMENTS (KOHA) | |
| Source of classification or shelving scheme | Dewey Decimal Classification |
| Koha item type | Books |
| Lost status | Source of classification or shelving scheme | Damaged status | Not for loan | Collection code | Permanent Location | Current Location | Shelving location | Date acquired | Source of acquisition | Cost, normal purchase price | Total Checkouts | Full call number | Date last seen | Copy number | Koha item type |
|---|---|---|---|---|---|---|---|---|---|---|---|---|---|---|---|
| Dewey Decimal Classification | Non-fiction | Central Library, University of Rajshahi | Central Library, University of Rajshahi | 02/07/1974 | Euro Bangladesh New Agency | 55.00 | 320.973 POL 1955 | 10/05/2016 | C-2 | Books | |||||
| Dewey Decimal Classification | Not For Loan | Non-fiction | Central Library, University of Rajshahi | Central Library, University of Rajshahi | 09/11/1963 | Zeitlinger | 62.00 | 320.973 POL 1955 | 10/05/2016 | C-1 | Books |